000 00903nam a22001817a 4500
999 _c61579
_d61579
005 20240326112734.0
008 240326c2002 ge ||||| |||| 00| 0 geo d
022 _a1512-0414
041 _ageo
245 _aარქეოლოგიური ჟურნალი /
_b2002.
_cრედ. ზ. ბრაგვაძე; საქართველოს კულტურის სამინისტრო აკადემიკოს შ. ამირანაშვილის სახელობის ხელოვნების სახელმწიფო მუზეუმი
260 _aთბილისი,
_c2000-
300 _aV.
653 _aარქეოლოგია
653 _aისტორია
653 _aპერიოდიკა
700 _aბრაგვაძე, ზურაბ.
_eრედაქტორი
_912746
942 _2udc
_cCR